Stručný ekonomický slovník

Saved in:
Bibliographic Details
Main Author: Abramov, Vladimir Abramovič
Format: Book
Language:Slovak
Published: Bratislava SVPL 1961
Tags: Add Tag
No Tags, Be the first to tag this record!

MARC

LEADER 00000nam a2200000 4500
001 c123326
005 20250523074608.5
041 0 |a slo 
044 |a SK 
245 1 0 |a Stručný ekonomický slovník  |c Vladimir Abramovič Abramov 
264 1 |a Bratislava  |b SVPL  |c 1961 
300 |a 483 s. 
100 1 |a Abramov, Vladimir Abramovič